Generación y transformación del espacio público de ocio urbano en Valparaíso: paradigma entre producción y prácticas informales en la parte alta de la ciudad. El retazo urbano como elementos de renovación del espacio público en la trama vertical de Valparaíso

Saved in:
Bibliographic Details
Main Author: Mercado Jara, Álvaro (autor)
Format: Book
Language:Spanish
Published: Viña del Mar Escuela de Arquitectura y Diseño Pontificia Universidad católica de Valparaíso 2016
Edition:1a. ed
Subjects:
Tags: Add Tag
No Tags, Be the first to tag this record!

MARC

LEADER 00000cam a2200000 a 4500
001 UCD6736
003 CL-VaPUC
008 170113e20160000cl |||||||||||||||||spa|d
082 0 4 |a 711.57  |b MER  |2 21 
100 |a Mercado Jara, Álvaro  |e autor  |9 849616 
245 1 0 |a Generación y transformación del espacio público de ocio urbano en Valparaíso: paradigma entre producción y prácticas informales en la parte alta de la ciudad. El retazo urbano como elementos de renovación del espacio público en la trama vertical de Valparaíso 
250 |a 1a. ed 
300 |a 29 p 
942 |c BK 
945 |d 20170113 07:29:00  |a dcastane 
260 |a Viña del Mar  |b Escuela de Arquitectura y Diseño Pontificia Universidad católica de Valparaíso  |c 2016 
650 7 |a ESPACIO PUBLICO  |2 CL-VaPUC  |9 561533 
650 7 |a ESPACIO COMUNITARIO  |2 CL-VaPUC  |9 570546 
650 0 |a Identidad cultural  |9 319131 
650 0 |a Ocio  |9 336997 
650 0 |a Planificación urbana   |9 258176 
650 7 |a INVESTIGACION DE CAMPO  |2 CL-VaPUC  |9 335943 
650 0 |a Investigación cualitativa  |9 389535 
583 |a last modification  |c 20170113 07:29:00  |k Rodrigo Vera 
999 |c 366925  |d 366923 
952 |0 0  |1 0  |3 erb  |4 0  |6 711_570000000000000_MER_2016  |7 0  |8 F  |9 481574  |a BIBARQ  |b BIBARQ  |i 5360129  |l 18  |o 711.57 MER 2016  |p 5360129  |r 2025-01-20  |s 2022-05-27  |w 2019-11-24  |y BK_F  |z Catalogado en:20170113  |k ARQ